| 000 | 01410nam a2200349 a 4500 | ||
|---|---|---|---|
| 001 | ebr10196218 | ||
| 003 | CaPaEBR | ||
| 006 | m u | ||
| 007 | cr cn||||||||| | ||
| 008 | 060612s2007 nyua s 001 0 eng | ||
| 010 | _z 2006019310 | ||
| 015 |
_aGBA684013 _2bnb |
||
| 016 | 7 |
_z013567789 _2Uk |
|
| 020 | _z081447408X | ||
| 020 | _z9780814474082 | ||
| 040 |
_aCaPaEBR _cCaPaEBR |
||
| 035 | _a(OCoLC)567839189 | ||
| 050 | 1 | 4 |
_aHF5549.5.E42 _bS38 2007eb |
| 082 | 0 | 4 |
_a658.3/045 _222 |
| 100 | 1 | _aScott, Gini Graham. | |
| 245 | 1 | 2 |
_aA survival guide to managing employees from hell _h[electronic resource] : _bhandling idiots, whiners, slackers, and other workplace demons / _cGini Graham Scott. |
| 260 |
_aNew York : _bAMACOM, _cc2007. |
||
| 300 |
_ax, 230 p. : _bill. |
||
| 500 | _aIncludes index. | ||
| 505 | 0 | _aBad Attitude -- Incompetent -- Personal Issues -- Trust and Honesty -- Communication -- Putting It All Together. | |
| 533 |
_aElectronic reproduction. _bPalo Alto, Calif. : _cebrary, _d2013. _nAvailable via World Wide Web. _nAccess may be limited to ebrary affiliated libraries. |
||
| 650 | 0 |
_aProblem employees _vCase studies. |
|
| 650 | 0 | _aSupervision of employees. | |
| 655 | 7 |
_aElectronic books. _2local |
|
| 710 | 2 | _aebrary, Inc. | |
| 856 | 4 | 0 |
_uhttp://site.ebrary.com/lib/rucke/Doc?id=10196218 _zAn electronic book accessible through the World Wide Web; click to view |
| 999 |
_c216663 _d216663 |
||